Abbreviations Quiz - Statistics

General Stats
  • This quiz has been taken 40 times
  • The average score is 23 of 30
Answer Stats
Abbreviation Full Word % Correct
ASAP As Soon As Possible
100%
OMG Oh My God
97%
RIP Rest In Peace
97%
POV Point of View
95%
AKA Also Known As
92%
DIY Do It Yourself
92%
IDK I Don't Know
92%
TBH To Be Honest
92%
USA United States of America
92%
BRB Be Right Back
89%
FYI For Your Information
89%
IRL In Real Life
87%
NVM Never Mind
87%
YOLO You Only Live Once
87%
LOL Laugh Out Loud
84%
FAQ Frequently Asked Questions
82%
VIP Very Important Person
82%
IMO In My Opinion
76%
FOMO Fear of Missing Out
74%
CEO Chief Executive Officer
71%
ETA Estimated Time of Arrival
71%
FBI Federal Bureau of Investigation
71%
IOU I Owe You
71%
DOB Date of Birth
66%
TGIF Thank God It's Friday
66%
TMI Too Much Information
66%
TTYL Talk To You Later
58%
NATO North Atlantic Treaty Organization
47%
EST Eastern Standard Time
37%
NASA National Aeronautics and Space Administration
37%
No matching quizzes found
Score Distribution
Percent of People with Each Score
Percentile by Number Answered
Your Score History
You have not taken this quiz